Marvel Cinematic Universe:Scarlett Johansson Quiz Stats

 Plays Quiz not verified by Sporcle

Score 0/9 Timer 00:30
0 Plays Today
% Correct
Avengers: Endgame
98.4%
Avengers: Age of Ultron
98.4%
Avengers: Infinity War
98.3%
The Avengers
97.7%
Captain America: Civil War
95.8%
Captain America: The Winter Soldier
93.7%
Iron Man 2
90.8%
Captain Marvel
49.4%
Thor: Ragnarok
26.1%

You're not logged in!

Compare scores with friends on all Sporcle quizzes.
OR
Log In

Sporcle TV

Today on Sporcle TV


Watch our educational content, quiz creation guides, and fun videos on Sporcle TV.

Show Comments

Extras

Top Quizzes Today


Score Distribution

Your Account Isn't Verified!

In order to create a playlist on Sporcle, you need to verify the email address you used during registration. Go to your Sporcle Settings to finish the process.

Report this User

Report this user for behavior that violates our Community Guidelines.

Details: